000 01049nas a2200349 4500
001 BR0401751
003 BR-BrBNA
005 20231205104508.0
007 ta
008 230509b bl.|||p| |||| 00| 00por d
040 _aBR-BrBNA
_bpor
_cBiblioteca Nacional de Agricultura
041 _a(Pt)
072 _aP33; P32
100 1 _aAlmeida, J.A.
100 1 _aTorrent, J.
100 1 _aBarrón, V.
245 1 _aCor de solo, formas do fósforo e adsorção de fosfatos em latossolos desenvolvidos de basalto do extremo-Sul do Brasil
650 _aLATOSSOLO
650 _aQUÍMICA DO SOLO
650 _aFÓSFORO
650 _aFOSFATO
650 _aADSORÇÃO
650 _aCOR
650 _aÓXIDO DE FERRO
650 _aFRACIONAMENTO
650 _aTEXTURA DO SOLO
650 _aMATÉRIA ORGÂNICA
650 _aPERFIL DO SOLO
773 0 _tRevista Brasileira de Ciência do Solo (Brazil)
_xISSN 0100-0683
_g(Nov-Dec 2003), v. 27(6) p. 985-1002
_wBR0401751
909 _a202311
_bLúcia
_c55
_dLúcia Elande
942 _2AGRIS
_n0
_cANA
999 _c178395
_d178395